<?xml version="1.0" encoding="UTF-8"?>
<record
    xmlns:xsi="http://www.w3.org/2001/XMLSchema-instance"
    xsi:schemaLocation="http://www.loc.gov/MARC21/slim http://www.loc.gov/standards/marcxml/schema/MARC21slim.xsd"
    xmlns="http://www.loc.gov/MARC21/slim">

  <leader>01040nam a2200205 a 4500</leader>
  <controlfield tag="001">000025570</controlfield>
  <controlfield tag="005">20200930023902.0</controlfield>
  <controlfield tag="008">110217s1972    sp      r     000 0 spa d</controlfield>
  <datafield tag="040" ind1=" " ind2=" ">
    <subfield code="a">DO-SdBNP</subfield>
    <subfield code="b">spa</subfield>
    <subfield code="c">BNPHU</subfield>
  </datafield>
  <datafield tag="082" ind1=" " ind2=" ">
    <subfield code="a">NNN</subfield>
    <subfield code="b">H673</subfield>
  </datafield>
  <datafield tag="245" ind1="0" ind2="1">
    <subfield code="a">Historia del viejo oeste /</subfield>
    <subfield code="c">traducci&#xF3;n, selecci&#xF3;n y pr&#xF3;logo Juan T&#xE9;bar.</subfield>
  </datafield>
  <datafield tag="260" ind1=" " ind2=" ">
    <subfield code="a">Madrid :</subfield>
    <subfield code="b">Doncel,</subfield>
    <subfield code="c">1972.</subfield>
  </datafield>
  <datafield tag="300" ind1=" " ind2=" ">
    <subfield code="a">249, [6] p. ;</subfield>
    <subfield code="c">18 cm.</subfield>
  </datafield>
  <datafield tag="490" ind1="1" ind2=" ">
    <subfield code="a">Libro joven de bolsillo</subfield>
    <subfield code="v">33</subfield>
  </datafield>
  <datafield tag="500" ind1=" " ind2=" ">
    <subfield code="a">Incluye referencias bibliogr&#xE1;ficas y notas al pie de las p&#xE1;ginas</subfield>
  </datafield>
  <datafield tag="505" ind1="0" ind2=" ">
    <subfield code="t">Historia de un correo a caballo /</subfield>
    <subfield code="r">Charles Dickens.</subfield>
    <subfield code="t">Los expulsados de Poker Flat,</subfield>
    <subfield code="t">La tarjeta comercial de Dick Boyle /</subfield>
    <subfield code="r">Francis Bret Harte.</subfield>
    <subfield code="t">La historia del californiano /</subfield>
    <subfield code="r">Mark Twain.</subfield>
    <subfield code="t">El impostor,</subfield>
    <subfield code="t">Le &#xFA;ltimo de los trovadores /</subfield>
    <subfield code="r">O' Henry.</subfield>
    <subfield code="t">La ley de la vida,</subfield>
    <subfield code="t">Un hombre digno de confianza,</subfield>
    <subfield code="t">La hoguera /</subfield>
    <subfield code="r">Jack London.</subfield>
    <subfield code="t">El hotel azul,</subfield>
    <subfield code="t">La novia llega a Yellow Sky /</subfield>
    <subfield code="r">Stephen Crane.</subfield>
  </datafield>
  <datafield tag="700" ind1="1" ind2=" ">
    <subfield code="a">T&#xE9;bar, Juan</subfield>
    <subfield code="e">pr&#xF3;l.</subfield>
    <subfield code="9">21391</subfield>
  </datafield>
  <datafield tag="830" ind1=" " ind2="0">
    <subfield code="a">Libro joven de bolsillo ;</subfield>
    <subfield code="v">33</subfield>
    <subfield code="9">12847</subfield>
  </datafield>
  <datafield tag="049" ind1=" " ind2=" ">
    <subfield code="a">BNGR</subfield>
  </datafield>
  <datafield tag="952" ind1=" " ind2=" ">
    <subfield code="0">0</subfield>
    <subfield code="1">0</subfield>
    <subfield code="5">4</subfield>
    <subfield code="7">0</subfield>
    <subfield code="8">MO</subfield>
    <subfield code="a">GR</subfield>
    <subfield code="b">GR</subfield>
    <subfield code="c">CT</subfield>
    <subfield code="d">2011-02-17</subfield>
    <subfield code="i">LF1</subfield>
    <subfield code="l">0</subfield>
    <subfield code="o">NNN H673</subfield>
    <subfield code="p">25570-10</subfield>
    <subfield code="r">2020-06-25</subfield>
    <subfield code="w">2020-06-25</subfield>
    <subfield code="y">4</subfield>
    <subfield code="Z">Pr&#xE9;stamo en sala</subfield>
  </datafield>
  <datafield tag="999" ind1=" " ind2=" ">
    <subfield code="c">25062</subfield>
    <subfield code="d">25062</subfield>
  </datafield>
</record>
